Intelectuales y burocracia (Registro nro. 133261)

Detalles MARC
000 -CABECERA
campo de control de longitud fija 01121nam a2200373Ia 4500
001 - NÚMERO DE CONTROL
campo de control 133261
003 - IDENTIFICADOR DEL NÚMERO DE CONTROL
campo de control 224979
005 - FECHA Y HORA DE LA ÚLTIMA TRANSACCIÓN
campo de control 20250218092722.0
008 - DATOS DE LONGITUD FIJA--INFORMACIÓN GENERAL
campo de control de longitud fija ||||||n9999 ||| || ||
082 ## - NÚMERO DE LA CLASIFICACIÓN DECIMAL DEWEY
Número de clasificación 302.35
100 ## - ENTRADA PRINCIPAL--NOMBRE DE PERSONA
Nombre de persona Zabludovsky Kuper, Gina
9 (RLIN) 28784
245 #0 - MENCIÓN DE TÍTULO
Título Intelectuales y burocracia
Resto del título vigencia de Max Weber
Mención de responsabilidad, etc. Gina Zabludovsky Kuper
250 ## - MENCIÓN DE EDICIÓN
Mención de edición 1a. ed.
504 ## - NOTA DE BIBLIOGRAFÍA, ETC.
Nota de bibliografía, etc. Incluye bibliografía
562 ## - NOTA DE IDENTIFICACIÓN DE LA COPIA Y VERSIÓN
Número de copias 5
526 ## - NOTA DE INFORMACIÓN SOBRE EL PROGRAMA DE ESTUDIO
Nombre del programa 102618 - ESPECIALIZACIÓN EN PROYECTOS DE DESARROLLO - Virtual
526 ## - NOTA DE INFORMACIÓN SOBRE EL PROGRAMA DE ESTUDIO
Nombre del programa 15794 - ESPECIALIZACIÓN EN PROYECTOS DE DESARROLLO - A distancia
526 ## - NOTA DE INFORMACIÓN SOBRE EL PROGRAMA DE ESTUDIO
Nombre del programa 102620 - ESPECIALIZACIÓN EN GERENCIA SOCIAL - Virtual
526 ## - NOTA DE INFORMACIÓN SOBRE EL PROGRAMA DE ESTUDIO
Nombre del programa 10406 - ESPECIALIZACIÓN EN GESTIÓN Y PLANIFICACIÓN DEL DESARROLLO URBANO Y REGIONAL - A distancia
526 ## - NOTA DE INFORMACIÓN SOBRE EL PROGRAMA DE ESTUDIO
Nombre del programa 4969 - ESPECIALIZACIÓN EN ADMINISTRACIÓN PÚBLICA CONTEMPORÁNEA - Presencial
526 ## - NOTA DE INFORMACIÓN SOBRE EL PROGRAMA DE ESTUDIO
Nombre del programa 19790 - MAESTRÍA EN ADMINISTRACIÓN PÚBLICA - Presencial
526 ## - NOTA DE INFORMACIÓN SOBRE EL PROGRAMA DE ESTUDIO
Nombre del programa 104436 - MAESTRÍA EN ADMINISTRACIÓN PÚBLICA - A distancia
526 ## - NOTA DE INFORMACIÓN SOBRE EL PROGRAMA DE ESTUDIO
Nombre del programa 3899 - ESPECIALIZACIÓN EN GERENCIA HOSPITALARIA - A distancia
526 ## - NOTA DE INFORMACIÓN SOBRE EL PROGRAMA DE ESTUDIO
Nombre del programa 9683 - ESPECIALIZACIÓN EN ALTA GERENCIA DEL SISTEMA DE SEGURIDAD SOCIAL EN SALUD - A distancia
526 ## - NOTA DE INFORMACIÓN SOBRE EL PROGRAMA DE ESTUDIO
Nombre del programa 1703 - ESPECIALIZACIÓN EN GERENCIA SOCIAL - A distancia
650 ## - PUNTO DE ACCESO ADICIONAL DE MATERIA--TÉRMINO DE MATERIA
Término de materia o nombre geográfico como elemento de entrada BERLIN (ALEMANIA)--VIDA SOCIAL Y COSTUMBRES
9 (RLIN) 161818
650 #0 - PUNTO DE ACCESO ADICIONAL DE MATERIA--TÉRMINO DE MATERIA
Término de materia o nombre geográfico como elemento de entrada Burocracia
9 (RLIN) 2989
650 ## - PUNTO DE ACCESO ADICIONAL DE MATERIA--TÉRMINO DE MATERIA
Término de materia o nombre geográfico como elemento de entrada INTELECTUALES--ASPECTOS SOCIALES
9 (RLIN) 161820
650 ## - PUNTO DE ACCESO ADICIONAL DE MATERIA--TÉRMINO DE MATERIA
Término de materia o nombre geográfico como elemento de entrada SIMMEL, GEORG, 1858-1918--CRITICA E INTERPRETACION
9 (RLIN) 160566
650 ## - PUNTO DE ACCESO ADICIONAL DE MATERIA--TÉRMINO DE MATERIA
Término de materia o nombre geográfico como elemento de entrada WEBER, MAX, 1864-1920--CRÍTICA E INTERPRETACIÓN
9 (RLIN) 50301
650 ## - PUNTO DE ACCESO ADICIONAL DE MATERIA--TÉRMINO DE MATERIA
Término de materia o nombre geográfico como elemento de entrada WEBER, MAX, 1864-1920--PENSAMIENTO POLITICO
9 (RLIN) 160053
942 ## - ELEMENTOS DE PUNTO DE ACCESO ADICIONAL (KOHA)
Tipo de ítem Koha Libro
Existencias
Estado de retiro Estado de pérdida Estado dañado No para préstamo Código de colección Localización permanente Ubicación/localización actual Coste, precio normal de compra Total de préstamos Signatura topográfica completa Código de barras Fecha visto por última vez Número de copia Tipo de ítem Koha
        General Bogotá - Sede Central Bogotá - Sede Central 41600.00   302.35 Z11i 124197 22/02/2026 1 Libro
        General Bogotá - Sede Central Bogotá - Sede Central 41600.00   302.35 Z11i e2 124198 22/02/2026 2 Libro
        General Bogotá - Sede Central Bogotá - Sede Central 111150.00   302.35 Z11i e3 126941 22/02/2026 3 Libro
        General Bogotá - Sede Central Bogotá - Sede Central 111150.00   302.35 Z11i e4 126942 22/02/2026 4 Libro
        General Bogotá - Sede Central Bogotá - Sede Central 0.00   302.35 Z11i e5 128920 22/02/2026 5 Libro